| 000 | 00764nam a22002417a 4500 | ||
|---|---|---|---|
| 005 | 20251027112339.0 | ||
| 008 | 251027b |||||||| |||| 00| 0 eng d | ||
| 017 | _aLD.2007 | ||
| 018 | _a2025 | ||
| 020 | _a9789785313868 | ||
| 040 |
_aNLN _bEnglish _eAACR2 |
||
| 050 |
_aJC330.3.N685 _bA221 |
||
| 082 | _a324.22 | ||
| 100 |
_aADATANG, Michael _eaut _968277 |
||
| 245 |
_aPath to effective leadership and good governance in Nigeria / _cMichael Adatang |
||
| 260 |
_aUyo, Akwa Ibom State (No.8 Ekpanya Street) : _bUnaco Global Ventures, _c2015 |
||
| 300 |
_aix, 102p. ; _b20cm. |
||
| 563 | _a(pbk.) | ||
| 650 |
_aPolitical leadership _vNigeria _9208 |
||
| 650 |
_aLeadership _vNigeria _91138 |
||
| 650 |
_aNigeria _vPolitics and government _9346 |
||
| 942 |
_cBK _n0 |
||
| 999 |
_c33582 _d33582 |
||